Adresné rozširovanie informácií

Bibliographic Details
Other Authors: Čelková, Ľudmila, 1944- (Editor)
Format: Book
Language:Slovak
PhysicalDescription:57 s. 21 cm
Published: Bratislava ÚK SAV 1978
Series:Metodické materiály 1978

MARC

LEADER 00000nam a22000007a 4500
001 vtls009283538
003 SK-MaSNL
005 20260301170753.0
008 080409s1978 xo 000 0 slos
040 |a SNK  |b slo  |c SNK  |e AACR2 
041 0 |a slo 
044 |a xo  |c SK 
245 0 0 |a Adresné rozširovanie informácií  |c spracovala Ľudmila Čelková 
260 |a Bratislava  |b ÚK SAV  |c 1978 
300 |a 57 s.  |c 21 cm 
490 0 |a Metodické materiály  |v 1978 
700 1 |a Čelková, Ľudmila,  |d 1944-  |4 edt  |9 97615 
999 |c 828678  |d 830608 
952 |a SNK  |b SNK  |y VYP  |7 0  |p 17A1345953  |o snkSD 50357 D1  |i snkKSP 4676/82  |0 0  |1 0  |4 0  |d 2023-04-18  |l 0  |r 2026-02-24 03:29:22  |w 2026-02-24 
952 |a SNK  |b SNK  |y PREZ  |7 0  |p 17A1002923  |o snkSD 50357  |i snkKSP 6938/80  |0 0  |1 0  |4 0  |d 2023-04-18  |l 0  |r 2026-02-24 03:29:22  |w 2026-02-24